000 00616nam a2200229Ia 4500
003 OSt
005 20220928121409.0
006 a|||||r|||| 00| 0
007 ta
008 220927b |||||||| |||| 00| 0 eng d
024 _a25089
037 _cTextual
040 _aSDCL
_cSDCL
_beng
041 _2eng
_aeng
082 _aV1(Q7):24'N7, M4
100 _aHussain Asaf
_9451912
245 0 _aPolitical perspectives on the Muslim world.
260 _aLondon
_bMacmillan
_c1984
300 _axii;219p
_ccm.
942 _hV1(Q7):24'N7, M4
_cTEXL
_2CC
999 _c765909
_d765909